00903nam a2200253 i 4500003000900000005001700009007000300026008004100029040003000070082002200100100004400122245007300166264003900239300002700278336002700305337003400332338002800366590002700394710005700421910001400478942001400492952012600506999001700632DO-SdBNP20230825135604.0ta110413s199- dr 000 p spa d aDO-SdBNPbspacBNPHUerda a370.11bR173e222 aRamírez Abreu, Víctor Manuel92182210a¨Epigramas¨ ó ¨Voces Folkloricas¨ /cVíctor Ml. Ramírez A. 1a[Santo Domingo] :bUTESA,c[199-]. a127 páginas c21 cm. 2rdacontentatextobtxt 2rdamediaasin mediación bn 2rdacarrieravolumenbnc aInventariado, 2023/ YL aUniversidad Tecnológica de Santiago (UTESA)917473 aYLockward 2ddccLBS1 00102ddc51708PDaBNPHUbBNPHUcCTd2020-06-22eEnaney Groupl0o370.11 R173ep2023-5534r2023-08-25w2023-08-25yLBS1 c54541d54541